Régimen legal de los lugares de culto: nueva frontera de la libertad religiosa
Сохранить в:
| Главный автор: | |
|---|---|
| Формат: | |
| Язык: | испанский |
| Опубликовано: |
Pamplona
EUNSA
2013
|
| Редактирование: | 1a. ed |
| Предметы: | |
| Метки: |
Добавить метку
Нет меток, Требуется 1-ая метка записи!
|
MARC
| LEADER | 00000cam a2200000 a 4500 | ||
|---|---|---|---|
| 001 | UCF9601 | ||
| 003 | CL-VaPUC | ||
| 005 | 20201104181656.0 | ||
| 008 | 131129e20130500sp 1 spa d | ||
| 020 | |a 9788431329167 | ||
| 082 | 0 | 4 | |a 261.72 |b OTA |2 21 |
| 100 | 1 | |a Otaduy, Jorge |e author |9 622013 | |
| 245 | 1 | 0 | |a Régimen legal de los lugares de culto: nueva frontera de la libertad religiosa |
| 250 | |a 1a. ed | ||
| 260 | |a Pamplona |b EUNSA |c 2013 | ||
| 300 | |a 479 p | ||
| 583 | |a last modification |c 20190909 10:53:25 |k Rodrigo Vera | ||
| 650 | 0 | 7 | |a LIBERTAD RELIGIOSA |2 CL-VaPUC |9 622014 |
| 942 | |c BK | ||
| 945 | |a dcastane |d 20131129 12:34:00 | ||
| 546 | |a En Español | ||
| 536 | |a Instituto Martín de Azpilcueta | ||
| 518 | |p Régimen legal de los lugares de culto: nueva frontera de la libertad religiosa, 9, Pamplona, 9-11 de noviembre de 2011 | ||
| 999 | |c 384744 |d 384742 | ||
| 952 | |0 0 |1 0 |3 erb |4 0 |6 261_720000000000000_OTA_2013 |7 0 |8 A |9 507676 |a BIBDER |b BIBDER |i 5031540 |o 261.72 OTA 2013 |p 5031540 |r 2023-01-25 |w 2020-01-23 |y BK |z Catalogado en:20131129 |k DER | ||